000 01086nam a2200337 a 4500
001 000011848
003 OSt
005 20240412074228.0
008 091028s1983 dr a 000 0 spa d
040 _aDO-SdBNP
_bspa
_cBNPHU
082 _aRD863.44
_bC422e
100 1 _aCéspedes, Diógenes,
_d1941-
_920548
245 1 0 _aEjercicios II :
_bPoemas ; cuentos /
_cDiógenes Céspedes.
260 _aSanto Domingo :
_bTaller,
_c1983.
300 _a136 p. :
_bil. ;
_c18 cm.
490 1 _aBiblioteca Taller
_v45
505 0 _aPoemas --
_tCuentos y otros
563 _aDos obras publicadas juntas con paginación contínua
590 _aInventariado, 2020/YL
590 _aInventariado, 2019/VM
650 0 _aCuentos dominicanos
_9176
650 0 _aPoesía dominicana
_966
650 0 _aLiteratura dominicana.
_967
700 1 2 _aCéspedes, Diógenes,
_d1941-
_920548
700 1 2 _aCéspedes, Diógenes,
_d1941-
_920548
740 0 2 _aPoemas
740 0 2 _aCuentos y otros
830 0 _aBiblioteca Taller
_v145
_9164
910 _aValidado. Control de calidad MFF
942 _2ddc
_cLBS1
999 _c11522
_d11522